000 00471nam a22001817a 4500
003 NUST - PNEC
005 20170116181002.0
008 150912b xxu||||| |||| 00| 0 eng d
020 _a0672272938
040 _cLIBRARY
082 _a650.02855369 AIT
100 _99590
_aAitken, Peter G.
245 _aThe first book of Lotus 1-2-3/G
_c Peter G. Aitken
250 _a1st ed.
260 _cc.1990
650 _99592
_a1-2-3/G (Computer file)
_xMIS
942 _2ddc
_cBK
999 _c66755
_d66755